<?xml version="1.0" encoding="UTF-8"?>
<collection xmlns:xsi="http://www.w3.org/2001/XMLSchema-instance" xsi:schemaLocation="http://www.loc.gov/MARC21/slim http://www.loc.gov/standards/marcxml/schema/MARC21slim.xsd" xmlns="http://www.loc.gov/MARC21/slim">
 <record>
  <leader>00000namaa22000004a 4500</leader>
  <controlfield tag="001">UP-99849408841408808</controlfield>
  <controlfield tag="003">Buklod</controlfield>
  <controlfield tag="005">20230714081756.0</controlfield>
  <controlfield tag="006">a    gr     ||| u </controlfield>
  <controlfield tag="007">ta</controlfield>
  <controlfield tag="008">230714s2020    ph a    rm    00| 0|engdd</controlfield>
  <datafield tag="040" ind1=" " ind2=" ">
   <subfield code="a">DEDUC</subfield>
   <subfield code="e">rda</subfield>
  </datafield>
  <datafield tag="041" ind1=" " ind2=" ">
   <subfield code="a">eng</subfield>
  </datafield>
  <datafield tag="042" ind1=" " ind2=" ">
   <subfield code="a">DMLUC</subfield>
  </datafield>
  <datafield tag="090" ind1=" " ind2=" ">
   <subfield code="a">LG 996 2020 E35</subfield>
   <subfield code="b">B66</subfield>
  </datafield>
  <datafield tag="100" ind1="1" ind2=" ">
   <subfield code="a">Bonior, Gina  Fontejon</subfield>
   <subfield code="e">author</subfield>
  </datafield>
  <datafield tag="245" ind1="1" ind2="0">
   <subfield code="a">MTB-MLE literacy instruction in multigrade schools in remote islands of Bohol</subfield>
   <subfield code="b">a model of mediations and appropriations</subfield>
   <subfield code="c">Gina Fontejon Bonior ; dissertation advisers, Romylyn A. Metila, Eufracio C. Abaya ; dissertation reader, Felicitas E. Pado ; Lourdes R. Baetiong, Leonor E. Diaz, members.</subfield>
  </datafield>
  <datafield tag="246" ind1="3" ind2="0">
   <subfield code="a">Mother tongue based-multilingual education literacy instruction in multigrade schools in remote islands of Bohol</subfield>
  </datafield>
  <datafield tag="264" ind1=" " ind2="1">
   <subfield code="a">Quezon City</subfield>
   <subfield code="b">College of Education, University of the Philippines Diliman</subfield>
   <subfield code="c">2020</subfield>
  </datafield>
  <datafield tag="300" ind1=" " ind2=" ">
   <subfield code="a">xvii, 337 leaves</subfield>
   <subfield code="b">illustrations (some color)</subfield>
   <subfield code="c">28 cm.</subfield>
  </datafield>
  <datafield tag="336" ind1=" " ind2=" ">
   <subfield code="a">text</subfield>
   <subfield code="2">rdacontent</subfield>
  </datafield>
  <datafield tag="337" ind1=" " ind2=" ">
   <subfield code="a">unmediated</subfield>
   <subfield code="2">rdamedia</subfield>
  </datafield>
  <datafield tag="338" ind1=" " ind2=" ">
   <subfield code="a">volume</subfield>
   <subfield code="2">rdacarrier</subfield>
  </datafield>
  <datafield tag="502" ind1=" " ind2=" ">
   <subfield code="a">Thesis</subfield>
   <subfield code="b">(Doctor of Philosophy in Education - Reading Education)</subfield>
   <subfield code="c">University of the Philippines Diliman</subfield>
   <subfield code="d">July 2020</subfield>
  </datafield>
  <datafield tag="520" ind1="3" ind2=" ">
   <subfield code="a">This study examines how a literacy instruction program anchored on the MTB-MLE policy of the Department of Education is appropriated by six literacy teachers in three multigrade schools located in two remote islands. Primarily using qualitative approaches, the study sought to answer the following research questions: 1) What meditations impact the appropriation of the MTB-Literacy Instruction Program (M-LIP) in multigrade schools located in remote island communities; 2) How do multigrade teachers appropriate the literacy instruction program as they negotiate with these mediations; and 3) What are the consequences of these appropriations in relation to the literacy instruction program goals? &#13;
&#13;
The answers to the RQs are as follow: In relation to RQ1, I observed that the appropriation of the MTB-MLE LIP is influenced by a host of interacting mediations. i.e. , 1) personal, 2) programmatic, 3) learner-related, 4) institutional, 5) social, 6) spatial-geographical. At the heart of these mediations is the teacher who exercises her agency in appropriating the program based on a constant appraisal of her/his 1) personal and professional histories, advocacies, emotions, and capabilities: 2) the material, cultural and social resources at her disposal; and 3) immediate and future goals and aspirations. As for RQ 2, I noted six forms of appropriations in the implementation of M-LIP: 1) hybridizing, 2) finessing, 3) bricolaging, 4) jama-jama (making do); 5) re-structuring the class program, and 6) temporarily suspending program implementation. As regards RQ 3, the intended consequences, i.e., outcomes that are consistent with the explicitly stated goals and objectives of the program, include the following: 1) improved literacy instruction processes: 2) improved access to quality reading materials; 3) strengthened professional networks and collaboration among teachers through such mechanism as Learning Action Cells (LACs); 4) teachers' improved confidence inn their ability to contextualize the lessons resulting in the strategic use of the MTB-MLE LIP instructional materials; and 50 improved reading performance of students in Filipino as suggested in their ORVT scores. The unintended consequences, i.e., outcomes that are not part of the explicitly stated goals and objectives of MTB-MLE LIP, are classified into two:  1) those that facilitated the achievement of programs goals, e.g., the emergence of a key scaffold or the &quot;go-to teacher &quot; in the enactment of the program; and 2) those that may have constrained the achievement of program goals, e.g., the ill-informed modification of the MTB-MLE LIP instructional protocol, and added work load for materials preparation to the already heavy schedule of multigrade teachers. &#13;
&#13;
Based on the findings of the study, I concluded that the forms of appropriation that are achieved amidst various mediations in program implementation are a concrete manifestation of teacher agency. However, it must be emphasized that agency and mediation are mutually constitutive in that while teacher agency spur various forms of appropriation, such agency is also impacted by a web of mediations and access to various forms of capital, i.e., economic, social, cultural, and symbolic. Informed by these findings and conclusions, I conceptualized a model for understanding the appropriate of a Mother Tongue-Based Literacy Instruction Program in multigrade schools in remote islands. Moreover, I outlined recommendations for  DepEd, CHED, TEIs, proposal writers for grants to support literacy instruction programs, instructional materials writers, foreign and local government funding agencies, and researchers interested in education policy in practice and MTB-MLE literacy program implementation.</subfield>
  </datafield>
  <datafield tag="650" ind1=" " ind2="0">
   <subfield code="a">Reading (Elementary)</subfield>
   <subfield code="z">Philippines</subfield>
   <subfield code="z">Bohol.</subfield>
  </datafield>
  <datafield tag="650" ind1=" " ind2="0">
   <subfield code="a">Native language and education</subfield>
   <subfield code="z">Philippines</subfield>
   <subfield code="z">Bohol.</subfield>
  </datafield>
  <datafield tag="650" ind1=" " ind2="0">
   <subfield code="a">Multilingual education</subfield>
   <subfield code="z">Philippines</subfield>
   <subfield code="z">Bohol.</subfield>
  </datafield>
  <datafield tag="650" ind1=" " ind2="0">
   <subfield code="a">Combination of grades.</subfield>
  </datafield>
  <datafield tag="700" ind1="1" ind2=" ">
   <subfield code="a">Metila, Romylyn A.</subfield>
   <subfield code="e">dissertation adviser.</subfield>
  </datafield>
  <datafield tag="700" ind1="1" ind2=" ">
   <subfield code="a">Abaya, Eufracio C.</subfield>
   <subfield code="e">dissertation adviser.</subfield>
  </datafield>
  <datafield tag="700" ind1="1" ind2=" ">
   <subfield code="a">Pado, Felicitas E.</subfield>
   <subfield code="e">dissertation reader.</subfield>
  </datafield>
  <datafield tag="700" ind1="1" ind2=" ">
   <subfield code="a">Baetiong, Lourdes R.</subfield>
   <subfield code="e">member.</subfield>
  </datafield>
  <datafield tag="700" ind1="1" ind2=" ">
   <subfield code="a">Diaz, Leonor E.</subfield>
   <subfield code="e">member.</subfield>
  </datafield>
  <datafield tag="905" ind1=" " ind2=" ">
   <subfield code="a">FI</subfield>
  </datafield>
  <datafield tag="905" ind1=" " ind2=" ">
   <subfield code="a">UP</subfield>
  </datafield>
  <datafield tag="852" ind1="0" ind2=" ">
   <subfield code="a">UPD</subfield>
   <subfield code="b">DEDUC</subfield>
   <subfield code="h">LG 996 2020 E35</subfield>
   <subfield code="i">B66</subfield>
  </datafield>
  <datafield tag="942" ind1=" " ind2=" ">
   <subfield code="a">Thesis</subfield>
  </datafield>
 </record>
</collection>
